01000nam a2200301 a 45000010008000000030009000080050017000170070003000340080033000370200015000700400030000850820030001151000043001452450116001882640036003043000044003403360027003843370035004113380030004464900025004765000006005015000006005076500041005136500035005546500035005897000048006247100026006720000294DO-SdBPM20250404084752.0ta150130s2005 cl ac 000 0 spa d a9589422489 aDO-SdBPMbspacBPMSUerda 4a741.642bA321av 2005 2221 aAlarcón Díaz, Ricardoeautor4aut.10aAventuras creativas : bdibujo animado /cRicardo Alarcón Díaz ; dirección general Jorge Monroy Valencia  aColombia :bEditar Ltda, c2005 a95 páginas :bilustraciones ;c29 cm. atextobtxt2rdacontent aSin meidiación bn2rdamedia avolumen bnc0rdacarriert0 aAventuras creativas  a  a  7aArte infantil xEnseñanza primaria 7aDibujos xEnseñanza primaria 7aLibros ilustrados para niños1 aJorge Monroy Valencia edirección General2 aParramón Ediciones